Kariera Sebastiana Vettela - Statystyki

Ogólne statystyki
  • Ten quiz został rozwiązany 20 razy
  • Średni wynik to 5 z 5
Statystyki odpowiedzi
Zespoły % Poprawnych
2015-2020 Ferrari
100%
2009-2014 Red Bull
100%
2021-2022 Aston Martin
95%
2007-2008 Toro Rosso
90%
2007 BMW Sauber
85%
Nie znaleziono quizów pasujących do podanych kryteriów
Rozkład punktacji
Procent ludzi z każdym wynikiem
Percentyl według liczby udzielonych odpowiedzi
Twoja historia wyników
Nie rozwiązałeś tego quizu